• 首页
  • 本馆介绍
  • 公告通知
  • 最新文献
  • 馆藏检索
  • 电子资源
  • 读者导购
  • 参考咨询
  • 我的图书馆
  • 登录
  • 详细信息显示
  • 放入我的书架
  • 预约/预借图书
  • 作者相关作品
  • 分类相关作品
  • 丛书相关作品
  • 出版社相关作品

书目信息

  • 表格格式
  • 工作单格式
  • 卡片格式
题名:
爱与生的苦恼
    
 
作者: 叔本华 , Schopenhauer 著 ;金铃 译
分册:  
出版信息: 北京   华龄出版社  2001
页数: 237页
开本: 20cm
丛书名: 新世纪青年励志书架
单 册:
中图分类: B561.41 , B821 , B561.41
科图分类:
主题词: 人生哲学--德国--近代--选集 , 人生哲学 , 哲学--欧洲
电子资源:
ISBN: 7-80082-610-4
000 01172oam2 2200349 450
001 1158370496
005 20111003161521.67
010    @a7-80082-610-4@dCNY9.80
100    @a20010726d2001 emky0chiy0110 ea
101 1  @achi@cger
102    @aCN@b110000
105    @ay z 000yy
106    @ar
200 1  @a爱与生的苦恼@Aai yu sheng de ku nao@b专著@f(德)叔本华(A.Schopenhauer)著@g金铃译
205    @a修订版
210    @a北京@c华龄出版社@d2001
215    @a237页@d20cm
225 2  @a新世纪青年励志书架@i西方哲学“拿来主义”丛书
330    @a本书内容包括:“论生存之空虚”、“论情爱与性爱”、“论性欲与生存意志的关系”、“论理念与情感”、“论对死亡的恐惧”等文章。
462  0 @12001 @a西方哲学“拿来主义”丛书
510 1  @aWorried About Love and Life@zeng
606 0  @a人生哲学@y德国@z近代@j选集
606 0  @a人生哲学
606 0  @a哲学@x欧洲
690    @aB561.41@v4
690    @aB821@v4
690    @aB561.41@v4
701  1 @c(德)@a叔本华@c(Schopenhauer, Arthur@f1788~1860)@Ashu ben hua@4著
701  1 @aSchopenhauer@bA.@4著
702  0 @a金铃@Ajin ling@4译
801  0 @aCN@bNLC@c20010731
905    @a10447@dB561.41@eJY38
    
    爱与生的苦恼/(德)叔本华(A.Schopenhauer)著/金铃译 .-修订版 .-北京:华龄出版社,2001
    237页;20cm .-(新世纪青年励志书架.西方哲学“拿来主义”丛书 )
    
    
    ISBN 7-80082-610-4:CNY9.80
    本书内容包括:“论生存之空虚”、“论情爱与性爱”、“论性欲与生存意志的关系”、“论理念与情感”、“论对死亡的恐惧”等文章。
●
相关链接 在E读中查询图书 在五车中查询图书 在当当中查询图书 在豆瓣中查询图书


正题名:爱与生的苦恼     索取号:B561.41/JY38         预约/预借

序号 登录号 条形码 馆藏地/架位号 状态 备注
1 7824859   278248594   学院路分馆/ [索取号:B561.41/JY38] 在馆    
2 7824860   278248601   学院路分馆/ [索取号:B561.41/JY38] 在馆    
3 7824861   278248610   学院路分馆/ [索取号:B561.41/JY38] 在馆    
4 7824862   278248629   学院路分馆/ [索取号:B561.41/JY38] 在馆    
唐山师范学院图书馆 欢迎您!
大连网信软件有限公司© 版权所有